000 00375nam a2200133Ia 4500
008 211109s9999||||xx |||||||||||||| ||und||
082 _a894.812
_bMUK-O
100 _aMukundan, M
245 0 _aOru Dalith Yuvathiude Kadana Katha
260 _bDC Books
_aKottayam
_c1998
630 _xGeneral stack
650 _aMALAYALAM LITERATURE
_vMALAYALAM POETRYMalayalam
942 _cBOOK
999 _c51882
_d51882